| 000 | 00000nam##2200000za#4500 |
| 001 | 9.644285 |
| 003 | CaOODSP |
| 005 | 20210624224554 |
| 007 | cr ||||||||||| |
| 008 | 150407|1977||||xxc|||||o f|0| 0 fre|d |
| 040 | |aCaOODSP|bfre |
| 043 | |an-cn--- |
| 086 | 1 |aA53-1638/1977F-PDF |
| 110 | 1 |aCanada.|bAgriculture Canada. |bService de l'information. |
| 245 | 10|aPlantes de fleuriste à dorloter / |h[ressource électronique]|c[par] Tom Sharkey. |
| 260 | |aOttawa - Ontario : |bAgriculture Canada. |c1977. |
| 300 | |a12p.|btableau |
| 500 | |aPublication historique numérisée par Agriculture et Agroalimentaire Canada. |
| 590 | |a15-03-Supp|b2015-03-13 |
| 720 | 1 |aSharkey, Tom |
| 775 | 08|tCare of gift plants / |w(CaOODSP)9.700391 |
| 856 | 40|ahttp://publications.gc.ca|qPDF|s916 Ko|uhttps://publications.gc.ca/collections/collection_2015/aac-aafc/A53-1638-1977-fra.pdf |
| 986 | |aPublication 1638 |